|
|
|
|
| LEADER |
00982cam a2200253 7i4500 |
| 001 |
0000036041 |
| 005 |
20190705090000.0 |
| 007 |
##ta |
| 008 |
190705s2018 my |
| 022 |
0 |
# |
|a 02192144
|
| 090 |
0 |
0 |
|a SING 338.47624025
|b SIN
|
| 245 |
0 |
1 |
|a Singapore Source Book for Architects, Designers & Building Contractors :
|b 2017/2018.
|
| 250 |
0 |
0 |
|a 26th edition.
|
| 264 |
2 |
0 |
|a Singapore:
|b Marshall Cavendish Business information Private Limited,
|c 2017.
|
| 300 |
# |
# |
|a 316 pages:
|b illustrations;
|c 30 cm.
|
| 336 |
# |
# |
|a text
|2 rdacontent
|
| 337 |
# |
# |
|a unmediated
|2 rdamedia
|
| 338 |
# |
# |
|a volume
|2 rdacarrier
|
| 504 |
# |
# |
|a Includes bibliographical references and index
|
| 650 |
1 |
0 |
|a Building materials --
|x Directories --
|z Singapore
|
| 650 |
2 |
0 |
|a Construction industry --
|x Directories --
|z Singapore
|
| 650 |
2 |
0 |
|a Building fittings --
|x Directories --
|z Singapore
|
| 650 |
2 |
0 |
|a Architecture --
|x Directories --
|z Singapore
|
| 999 |
|
|
|a 0000040165
|b Directories
|c Countries
|e Business Information Centre
|